| 000 | 004480000a22001810004500 | ||
|---|---|---|---|
| 003 | MACL | ||
| 005 | 20150919103758.0 | ||
| 008 | 150919b xxu||||| |||| 00| 0 eng d | ||
| 040 |
_aMACL _cMACL |
||
| 041 | _aEnglish | ||
| 082 | _a823/SIN | ||
| 100 |
_aSingh, Gurcharan _911876 |
||
| 245 | _aTwo Minds and One Will | ||
| 260 |
_bArun Publishing House _c2008 _aChandigarh |
||
| 350 | _a395 | ||
| 650 |
_aStories _911877 |
||
| 942 |
_cBK _k823/SIN _2ddc |
||
| 999 |
_c41849 _d41849 |
||